00353nam a2200133Ia 4500008004100000041000800041082001400049100001700063245004500080250000700125260004600132300003200178365000900210240624s9999 xx 000 0 und d aeng a332.1 ROL aROLLAND GAIL aMARKET PLAYERS A GUIDE TO THE INSTITUTIO a11 c2011aUnited KingdombJohn Wiley and Sons axxvi, : 342 : p. : cm. ; 23 cb27